书目信息 |
| 题名: |
制革、毛皮加工与制鞋行业排污许可管理
|
|
| 作者: | 刁晓华 , 钱堃 , 陈达 编著 | |
| 分册: | ||
| 出版信息: | 北京 化学工业出版社 2025.03 |
|
| 页数: | 275页 | |
| 开本: | 26cm | |
| 丛书名: | ||
| 单 册: | ||
| 中图分类: | X794 | |
| 科图分类: | ||
| 主题词: | 皮革工业--pi ge gong ye--排污许可证--许可证制度--研究--中国 , 毛皮加工--mao pi jia gong--排污许可证--许可证制度--研究--中国 , 制鞋工业--zhi xie gong ye--排污许可证--许可证制度--研究--中国 | |
| 电子资源: | ||
| ISBN: | 978-7-122-46820-8 | |
| 000 | 01357nam0 2200289 450 | |
| 001 | 92813 | |
| 005 | 20250818142258.15 | |
| 010 | @a978-7-122-46820-8@dCNY138.00 | |
| 100 | @a20250320d2025 em y0chiy50 ea | |
| 101 | 0 | @achi |
| 102 | @aCN@b110000 | |
| 105 | @aa a 000yy | |
| 106 | @ar | |
| 200 | 1 | @a制革、毛皮加工与制鞋行业排污许可管理@Azhi ge 、 mao pi jia gong yu zhi xie hang ye pai wu xu ke guan li@e申请·核发·执行·监管@f刁晓华, 钱堃, 陈达等编著 |
| 210 | @a北京@c化学工业出版社@d2025.03 | |
| 215 | @a275页@c图@d26cm | |
| 320 | @a有书目 (第269-275页) | |
| 330 | @a本书以制革、毛皮加工和制鞋行业排污许可申请、核发、执行与监管为主线, 从行业发展概况、生产工艺及产排污情况、排污许可证核发情况、排污许可证信息填报主要问题、排污许可证后监管、污染防治可行技术等方面介绍了制革、毛皮加工及制鞋行业的排污许可证核发现状及管理技术要求, 旨在为全方位掌握制革、毛皮加工及制鞋行业排污许可管理提供理论依据和案例参考。 | |
| 606 | 0 | @a皮革工业@Api ge gong ye@x排污许可证@x许可证制度@x研究@y中国 |
| 606 | 0 | @a毛皮加工@Amao pi jia gong@x排污许可证@x许可证制度@x研究@y中国 |
| 606 | 0 | @a制鞋工业@Azhi xie gong ye@x排污许可证@x许可证制度@x研究@y中国 |
| 690 | @aX794@v5 | |
| 701 | 0 | @a刁晓华@Adiao xiao hua@4编著 |
| 701 | 0 | @a钱堃@Aqian kun@4编著 |
| 701 | 0 | @a陈达@Achen da@4编著 |
| 801 | 0 | @aCN@c20250909 |
| 905 | @a河南城建学院图书馆@dX794@eD501@f1 | |
| 制革、毛皮加工与制鞋行业排污许可管理:申请·核发·执行·监管/刁晓华, 钱堃, 陈达等编著.-北京:化学工业出版社,2025.03 |
| 275页:图;26cm |
| ISBN 978-7-122-46820-8:CNY138.00 |
| 本书以制革、毛皮加工和制鞋行业排污许可申请、核发、执行与监管为主线, 从行业发展概况、生产工艺及产排污情况、排污许可证核发情况、排污许可证信息填报主要问题、排污许可证后监管、污染防治可行技术等方面介绍了制革、毛皮加工及制鞋行业的排污许可证核发现状及管理技术要求, 旨在为全方位掌握制革、毛皮加工及制鞋行业排污许可管理提供理论依据和案例参考。 |
| ● |
| 相关链接 |
|
|
|
正题名:制革、毛皮加工与制鞋行业排污许可管理
索取号:X794/D501
 
预约/预借
| 序号 | 登录号 | 条形码 | 馆藏地/架位号 | 状态 | 备注 |
| 1 | 1626777 | 216267778 | 自科库501/501自科库 111排2列2层/ [索取号:X794/D501] | 在馆 |